Digital electronocs and micro controller / (Record no. 40559)

MARC details
000 -LEADER
fixed length control field 00698 a2200205 4500
005 - DATE AND TIME OF LATEST TRANSACTION
control field 20100810101119.0
010 ## - LCCN (DPL NO)
LC control number ENG-99280
020 ## - INTERNATIONAL STANDARD BOOK NUMBER
Terms of availability 150.00
International Standard Book Number 9788190784436
035 ## - SYSTEM CONTROL NUMBER
System control number EN-82812
037 ## - SOURCE OF ACQUISITION
Source of stock number/acquisition DBAD/PUB
082 ## - DEWEY DECIMAL CLASSIFICATION NUMBER
Classification number 621.381
100 ## - MAIN ENTRY--PERSONAL NAME
Personal name Chitravel, T.
245 ## - TITLE STATEMENT
Title Digital electronocs and micro controller /
Statement of responsibility, etc by T. Chitravel
260 ## - PUBLICATION, DISTRIBUTION, ETC. (IMPRINT)
Place of publication, distribution, etc Namakkal
Name of publisher, distributor, etc Perumal Publications
Date of publication, distribution, etc 2009
270 ## - ADDRESS
Address Perumal Publications
City Namakkal
Postal code 637018
300 ## - PHYSICAL DESCRIPTION
Extent 144 p.
Dimensions 20cm.(pbk)
700 ## - ADDED ENTRY--PERSONAL NAME
9 (RLIN) 9757
942 ## - ADDED ENTRY ELEMENTS (KOHA)
Institution code [OBSOLETE] dpl
Item type English Books
Source of classification or shelving scheme Dewey Decimal Classification
Call number suffix CHI
Classification part 621.381
Holdings
Withdrawn status Lost status Not for loan Collection code Home library Current library Date acquired Cost, normal purchase price Full call number Barcode Copy number Cost, replacement price Koha item type
    Not For Loan Non-fiction D.B.Act.Division D.B.Act.Division 10/08/2010 150.00 621.381 CHI EN-82812 1 150.00 English Books

© Delhi Public Library
Hit Counter
free hit counter